[Event "GAMMA Reykjavik Open 2018"]
[Site "Reykjavik"]
[Date "2018.03.08"]
[Round "4"]
[White "Rapport, Richard"]
[Black "Moradiabadi, Elshan"]
[Result "1/2-1/2"]
[WhiteElo "2715"]
[BlackElo "2535"]
[Annotator "TA"]
[PlyCount "60"]
[EventDate "2018.03.14"]
[EventType "swiss"]
[EventCountry "ISL"]
[SourceTitle "playchess.com"]
[Source "ChessBase"]
[SourceQuality "1"]

{[%evp 23,60,12,20,0,0,0,5,0,0,-3,-9,-10,-10,-12,-12,-10,-9,-12,-12,-12,-12,-12,-12,-10,-10,-9,-10,-10,-10,-12,2,2,2,1,1,1,17,17,17]} 1. d4 Nf6 2. c4 e6 3. g3 d5 4. Bg2 dxc4 5. Nf3 c5 6. O-O Nc6 7. dxc5 Qxd1 8. Rxd1 Bxc5 9. Nbd2 c3 10. bxc3 O-O {E04: Open Catalan: 5 Nf3} 11. Ne1 (11. Nb3 Be7 12. c4 Bd7 13. Bb2 Rfd8 14. Nfd4 Rac8 15. Nb5 b6 16. Nd6 Bxd6 17. Rxd6 Be8 18. Rxd8 Nxd8 19. Rc1 Bc6 20. c5 Bxg2 21. Kxg2 {½-½ (30) Cheparinov,I (2710)-Anand,V (2782) Riadh 2017}) 11... Bd7 12. Nd3 Be7 {LiveBook: 5 Games. The position is equal.} 13. Bb2 Rac8 14. Nb3 b6 15. c4 Rfd8 16. c5 Be8 {[#]} 17. Rac1 $146 ({Find the theoretical novelty and annotate with similar games:} 17. cxb6 axb6 18. Rac1 {½-½ (32) Zaragatski,I (2502)-Cyborowski,L (2524) Germany 2017}) 17... bxc5 18. Ndxc5 Rxd1+ 19. Rxd1 Nb4 20. a3 Nbd5 21. Rc1 Nd7 22. Bxd5 exd5 23. Nxd7 Rxc1+ 24. Bxc1 {[#] And now Ne5 would win.} Bxd7 $11 {[%mdl 4096] Endgame KBB-KBN} 25. Be3 a6 26. Bc5 Ba4 27. Bxe7 {Black must now prevent Nd4.} Bxb3 28. Bc5 Bc4 29. Kf1 f5 30. Ke1 Kf7 {Precision: White = 81%, Black = 81%.} 1/2-1/2

[Event "GAMMA Reykjavik Open 2018"]
[Site "Reykjavik"]
[Date "2018.03.08"]
[Round "4"]
[White "Eljanov, Pavel"]
[Black "Hjartarson, Johann"]
[Result "0-1"]
[WhiteElo "2713"]
[BlackElo "2513"]
[Annotator "TA"]
[PlyCount "72"]
[EventDate "2018.03.14"]
[EventType "swiss"]
[EventCountry "ISL"]
[SourceTitle "playchess.com"]
[Source "ChessBase"]
[SourceQuality "1"]

{[%evp 24,72,57,43,46,21,57,24,18,8,14,9,27,-10,16,14,35,19,41,26,39,17,34,0,24,-35,-17,-37,9,-35,-18,-47,-58,-78,-78,-250,-203,-241,-255,-301,-249,-329,-321,-327,-322,-304,-335,-728,-918,-909,-898]} 1. d4 Nf6 2. c4 g6 3. Nc3 Bg7 4. e4 d6 5. Nf3 O-O 6. Be2 e5 7. O-O Nc6 8. d5 Ne7 9. b4 a5 10. Ba3 Re8 {E97: King's Indian: Classical Main Line (6...e5 7 0-0 Nc6): 8 Be3 and 8 d5 Ne7, not 9 Ne1} (10... b6 11. bxa5 Nh5 12. Nd2 Nf4 13. axb6 Rxa3 14. Nb5 Ra5 15. bxc7 Qd7 16. a4 Ba6 17. Nb3 Bxb5 18. cxb5 Qxc7 19. Nxa5 Qxa5 {1-0 (38) Pelletier,Y (2557)-Nakamura,H (2816) Skopje 2015}) 11. bxa5 Rxa5 12. Bb4 Ra8 13. a4 {[#] LiveBook: 6 Games} c5 $146 ({Predecessor (3):} 13... Bf8 14. Re1 c5 15. Ba3 Nd7 16. Bb2 Bg7 17. Ra3 Ra6 18. Nb5 Rf8 19. g3 f5 20. Ng5 {0-1 (37) Nezad,H (2421)-Jones,G (2650) Dubai 2016}) 14. Ba3 Ra6 15. Nd2 Rf8 16. Bb2 Ne8 17. Nb5 f5 18. exf5 gxf5 19. f4 Ng6 {[%cal Be7g6,Bg6e5,Be5g4,Bg4f6][%mdl 32]} 20. fxe5 Nxe5 21. Ra3 Bd7 22. Qa1 {With the idea Nxd6!} Qe7 23. Re1 Qh4 (23... Bh6 $5 {[%cal Rh6d2]} 24. Nf1 (24. Rg3+ Ng7 $11) 24... Bg7 $14) 24. g3 (24. Qb1 $11) 24... Qh6 $15 25. Nf3 {[%cal Rf3e5]} Ng4 26. Bxg7 (26. Bc1 $5 {[%cal Rc1h6]} Qh5 27. Qb1 $11) 26... Nxg7 27. Bf1 f4 $1 {[%cal Rf4g3] ...fxg3 is the strong threat.} 28. gxf4 ({Wrong is} 28. Re7 $2 fxg3 29. h3 Nf6 $19) 28... Rxf4 {[%cal Bf8f4,Bf4c4,Bc4c1][%mdl 32]} 29. Re7 $2 {[#]} (29. Qc1 $17 {might work better.}) 29... Nf6 30. Nc7 Rb6 {[%cal Ba6b6,Bb6b4,Bb4g4][%mdl 32]} 31. Re2 Rxc4 32. Ne6 {If White can now play Rg2 this consolidates a bit.} Rc1 33. Qa2 Rb4 34. Rg2 Rg4 35. Rb3 $2 {[#]} (35. Rxg4 Nxg4 36. Qe2) 35... Nxe6 $19 36. dxe6 Bxe6 {Precision: White = 19%, Black = 72%.} 0-1

[Event "GAMMA Reykjavik Open 2018"]
[Site "Reykjavik"]
[Date "2018.03.08"]
[Round "4"]
[White "Adhiban, Baskaran"]
[Black "Risting, Eivind Olav"]
[Result "1-0"]
[WhiteElo "2650"]
[BlackElo "2304"]
[Annotator "TA"]
[PlyCount "53"]
[EventDate "2018.03.14"]
[EventType "swiss"]
[EventCountry "ISL"]
[SourceTitle "playchess.com"]
[Source "ChessBase"]
[SourceQuality "1"]

{[%evp 17,53,10,35,16,27,27,25,20,26,23,28,36,47,0,0,-18,16,3,37,20,205,198,416,408,412,408,416,415,412,412,404,407,454,450,450,439,442,449]} 1. d4 Nf6 2. c4 e6 3. Nf3 d5 4. Nc3 Be7 5. Bf4 O-O 6. a3 {D37: Damengambit (5.Lf4)} (6. e3 Nbd7 7. a3 c5 8. cxd5 Nxd5 9. Nxd5 exd5 10. dxc5 Nxc5 11. Be5 Bf5 12. Be2 Bf6 13. O-O Be4 14. Rc1 Ne6 {0-1 (38) Mamedyarov,S (2799)-Carlsen,M (2837) Riadh 2017}) 6... Nbd7 7. Nb5 Ne8 8. e3 a6 9. Nc3 Nef6 {LiveBook: 10 Partien} 10. cxd5 exd5 11. Bd3 Re8 12. O-O c6 13. h3 Nf8 14. Ne5 $146 ({Vorgänger:} 14. Qc2 Ng6 15. Bh2 Bd7 16. b4 Rc8 {½-½ (40) Johannesson,O (2255)-Birkisson,B (2019) Reykjavik 2017}) 14... Bd6 15. Bh2 c5 16. Kh1 cxd4 17. exd4 Ne6 18. Bc2 Qb6 $2 {[#]} (18... b6 $11) 19. Nxd5 $1 $18 {[%mdl 512]} Nxd5 $2 {[#]} (19... Qxd4 20. Nxf6+ gxf6) 20. Bxh7+ $1 {[%mdl 512]} Kf8 (20... Kxh7 21. Qh5+) 21. Nc4 $1 {[%csl LRb6,LRd6]} Qxd4 22. Bxd6+ ({Schwächer ist} 22. Nxd6 Rd8 $18) 22... Ne7 23. Qxd4 Nxd4 24. Nb6 Be6 {Schwarz hofft, mit ...Tad8 fortzusetzen.} 25. Nxa8 {Weiß steht klar auf Gewinn.} Rxa8 26. Rad1 Ndc6 {Jetzt ...g6 und Schwarz darf weiter klammern.} 27. Be4 {Precision: Weiß = 54%, Schwarz = 39%.} 1-0

[Event "GAMMA Reykjavik Open 2018"]
[Site "Reykjavik"]
[Date "2018.03.08"]
[Round "4"]
[White "Cornette, Matthieu"]
[Black "Christiansen, Johan-Sebastian"]
[Result "1/2-1/2"]
[WhiteElo "2620"]
[BlackElo "2486"]
[Annotator "TA"]
[PlyCount "60"]
[EventDate "2018.03.14"]
[EventType "swiss"]
[EventCountry "ISL"]
[SourceTitle "playchess.com"]
[Source "ChessBase"]
[SourceQuality "1"]

{[%evp 21,60,26,33,23,48,39,66,43,62,63,52,53,93,85,100,81,83,97,83,90,111,21,12,11,7,0,10,0,0,0,0,0,0,0,0,0,6,7,8,3,2]} 1. d4 d5 2. Nf3 Nf6 3. c4 e6 4. g3 dxc4 5. Bg2 Bd7 6. Ne5 Bc6 7. Nxc6 Nxc6 8. O-O Qd7 {E04: Katalanisch} 9. e3 Rd8 10. Qc2 e5 11. dxe5 Nxe5 {LiveBook: 3 Partien} 12. Nd2 b5 13. a4 a6 14. axb5 axb5 15. b3 {[#]} Qd3 $146 ({Vorgänger:} 15... Bb4 16. bxc4 {1-0 (33) Rodshtein,M (2695)-Hovhannisyan,R (2606) Tbilisi 2017}) 16. Qxd3 Nxd3 17. Bc6+ Ke7 {[#]} 18. Nf3 $1 cxb3 19. Rb1 b4 20. Rxb3 Ng4 21. Nd4 (21. Bb5 $16 Nde5 22. Nxe5 Nxe5 23. Rxb4) 21... Nxc1 {Die Stellung ist ausgeglichen.} 22. Rxc1 Kf6 23. Nb5 Rd2 24. Nxc7 Nxf2 25. Rf1 $36 {[%mdl 2048] Weiss hat Druck.} Ke5 26. Rxf2 Rxf2 27. Kxf2 {[#] Sa6 ist eine echte Drohung.} Kd6 28. Rxb4 Kxc7 29. Rc4 Bd6 30. Bd5+ Kd7 {Precision: Weiß = 62%, Schwarz = 73%.} 1/2-1/2

[Event "GAMMA Reykjavik Open 2018"]
[Site "Reykjavik"]
[Date "2018.03.08"]
[Round "4"]
[White "Landa, Konstantin"]
[Black "Thorgeirsson, Jon Kristinn"]
[Result "1-0"]
[WhiteElo "2613"]
[BlackElo "2298"]
[Annotator "TA"]
[PlyCount "127"]
[EventDate "2018.03.14"]
[EventType "swiss"]
[EventCountry "ISL"]
[SourceTitle "playchess.com"]
[Source "ChessBase"]
[SourceQuality "1"]

{[%evp 19,127,22,16,14,22,0,11,14,25,0,0,0,25,0,21,0,33,27,25,17,61,50,65,56,50,-16,20,6,69,68,69,70,86,68,67,52,54,42,79,40,72,18,131,85,331,331,331,330,327,327,325,325,308,0,207,216,200,206,213,202,203,207,205,216,292,292,323,322,318,0,292,292,297,292,380,371,344,337,456,174,279,271,434,445,449,454,435,366,702,425,29959,29958,29989,29990,29991,702,12850,6436,5289,5189,938,726,29967,29971,29973,29973,29969,29970,29974,29974]} 1. Nf3 Nf6 2. g3 g6 3. Bg2 Bg7 4. d4 O-O 5. O-O d6 6. b3 c6 7. Bb2 Nbd7 8. Nbd2 Qc7 9. e4 e5 10. dxe5 {A49: 1 d4 Nf6 2 Nf3 g6 3 g3: Anti-King's Indian systems} dxe5 {LiveBook: 9 Games} (10... Nxe5 11. Nxe5 dxe5 12. a4 Be6 13. Qe2 Rfd8 14. Nc4 Ne8 15. Rfd1 Rxd1+ 16. Rxd1 Rd8 17. Rxd8 Qxd8 18. Nxe5 {1-0 (35) Moussard,J (2571)-Haldorsen,B (2405) chess.com INT 2018}) 11. a4 b6 12. Qe2 {The position is equal.} a5 13. Rfd1 Ba6 14. Nc4 Rfe8 15. Bf1 Bf8 16. Bc3 $146 ({Predecessor:} 16. Qe1 Bb4 17. c3 Bf8 {0-1 (27) Goiriz,Y (2099)-Pena,A (2267) Villa Carlos Paz 2008}) 16... Bc5 17. h3 Qb8 {Strongly threatening ...b5.} (17... Bxc4 $5 18. Qxc4 b5 $11) 18. Qe1 Ra7 19. Kg2 Bxc4 20. Bxc4 b5 21. axb5 cxb5 22. Bd5 (22. Bd3 $14) 22... b4 23. Bb2 Nb6 (23... Nxd5 $11 24. Rxd5 f6) 24. Bc6 $14 Re6 25. Bb5 h6 26. Qe2 Kh7 27. Rd3 Qb7 28. Re1 ({Much weaker is} 28. Bxe5 Nxe4 29. Rd8 Rxe5 $17) 28... Qe7 29. Ba1 Ne8 30. Red1 ({White should play} 30. Rd5 $16 Nxd5 31. exd5) 30... Nd6 (30... f6 $11) 31. Bc6 $16 Ne8 $2 (31... Ndc8 $16 {was called for.}) 32. Bxe8 $1 $18 Qxe8 33. Rd8 Qe7 34. Nxe5 $1 Rxe5 {[#]} 35. f4 $1 Nd7 {[#]} 36. Rc8 $2 (36. Qc4 $1 $18) 36... Nb6 $2 (36... Rc7 $1 $11 37. Rxd7 (37. Rxc7 Rxe4 38. Qf3 Re3 $11) 37... Qxd7 38. Rxc7 Rxe4 39. Rxd7 (39. Qxe4 Qd2+ 40. Kf3 Qd1+ 41. Qe2 Qd5+ 42. Qe4 Qd1+ 43. Qe2 Qd5+ 44. Qe4 Qd1+ $11) 39... Rxe2+ 40. Kf3 Re3+ 41. Kg2 Re2+ 42. Kf3 Re3+ 43. Kg2 Re2+) 37. Rb8 $40 {[%mdl 128] And now Rdd8 would win. White wants a kill.} Nd7 38. Rxd7 $1 ({Don't do} 38. Bxe5 $6 Nxb8 39. Bxb8 Rd7 $16) 38... Rxd7 39. Bxe5 {[%csl Ge5][%cal Rb8h8]} Rd8 40. Rxd8 Qxd8 41. Qd3 Qe7 42. Qd5 Bb6 43. Qd6 Qb7 44. Qd5 Qe7 $1 45. Qc6 Qd8 {( -> ...Qd2+)} 46. Qd6 Qc8 47. Qxb6 Qxc2+ 48. Qf2 Qxb3 49. h4 $2 (49. f5) 49... Qd3 (49... Qc4 $142 50. Qf3 a4) 50. Qf3 Qb5 $2 (50... Qc2+ 51. Kf1 a4) 51. h5 a4 52. hxg6+ fxg6 53. Qe3 {White wants to mate with Qa7+.} Qb7 $2 (53... Kg8 54. Qc1 b3) 54. Ba1 {Intending Qd4 and mate.} Qa6 (54... Qd7 $18 55. Qc5 g5 56. fxg5 hxg5 57. Qxb4 g4) 55. Kf2 Kg8 56. Qd4 {[%csl Ga1][%cal Rd4g7]} Kf7 57. Qxb4 (57. Qd7+ $142 Kf8 58. Bg7+ Kg8 59. Bd4 Kf8 60. Bc5+ Kg8 61. Qe8+ Kg7 62. Bd4+ Qf6 63. Qe7+ Kh8 64. Bxf6+ Kg8 65. Qg7#) 57... Qd3 58. Qb7+ Ke8 59. Qc6+ Ke7 60. Qf6+ Ke8 61. Qxg6+ {White mates.} Ke7 62. Qf6+ Ke8 63. Qe6+ Kf8 64. Qxh6+ {Precision: White = 63%, Black = 23%.} 1-0

[Event "GAMMA Reykjavik Open 2018"]
[Site "Reykjavik"]
[Date "2018.03.08"]
[Round "4"]
[White "Lenderman, Aleksandr"]
[Black "Praggnanandhaa, R."]
[Result "1-0"]
[WhiteElo "2600"]
[BlackElo "2507"]
[Annotator "TA"]
[PlyCount "177"]
[EventDate "2018.03.14"]
[EventType "swiss"]
[EventCountry "ISL"]
[SourceTitle "playchess.com"]
[Source "ChessBase"]
[SourceQuality "1"]

{[%evp 27,177,18,47,6,15,10,22,0,12,16,12,0,14,9,43,32,38,4,12,16,26,10,26,14,19,0,39,34,28,28,21,16,20,7,4,0,4,1,20,10,10,0,16,6,8,10,15,8,20,9,56,62,75,74,99,72,69,13,136,123,178,135,139,122,149,97,94,44,65,74,39,43,82,35,241,241,237,192,332,327,452,452,452,452,452,452,452,452,642,1269,741,568,563,452,452,452,450,445,316,188,446,405,396,112,182,141,217,217,194,137,397,367,169,169,428,420,452,436,386,168,168,168,1106,870,649,619,5961,5945,6454,5867,29972,29972,29967,29971,29968,29966,29970,29971,29970,29970,29970,29971,29971,29972,29981,29982,29986,29987,29987,29986,29987,29985]} 1. d4 Nf6 2. c4 e6 3. Nf3 d5 4. g3 dxc4 5. Bg2 c5 6. O-O Nc6 7. Qa4 Bd7 8. Qxc4 b5 9. Qd3 Rc8 10. dxc5 Bxc5 11. Nc3 b4 12. Ne4 Nxe4 {E04: Open Catalan: 5 Nf3} 13. Qxe4 O-O (13... Qe7 14. Rd1 e5 15. Be3 f5 16. Qd5 Bxe3 17. fxe3 e4 18. Nd4 Nxd4 19. Rxd4 Be6 20. Qb5+ {1-0 (62) Zidu,J (2538)-Faber,H (2443) Remote email 2013}) 14. Rd1 Qe7 {LiveBook: 3 Games. The position is equal.} 15. Be3 Bxe3 16. Qxe3 Rfd8 17. Nd2 $146 ({Predecessor:} 17. Rac1 Be8 18. h4 h6 19. Ne1 Rxd1 20. Rxd1 {½-½ (38) Goric,E (2388)-Savanovic,A (2417) Banja Luka 2008}) 17... Be8 18. Nb3 h6 19. h4 Rxd1+ 20. Rxd1 Rd8 21. Rc1 Qd6 22. Qc5 Qxc5 $1 23. Rxc5 Ne7 24. Rc7 Rd7 25. Rc1 Rd8 26. Bb7 Bb5 27. Kf1 Kf8 28. Ke1 Ke8 29. Nc5 Rb8 30. a3 bxa3 31. bxa3 Kf8 32. e4 e5 33. Rd1 Ke8 34. Rc1 Kf8 35. Kd2 Rd8+ 36. Ke3 Rd6 37. a4 {[%cal Ba3a4,Ba4a5,Ba5a6][%mdl 32]} Bc6 38. Rb1 Ke8 39. Ba6 Rd8 40. a5 Rd6 41. Bc4 {And now Rb8+ would win.} Rd8 42. Ba2 (42. f4 $14) 42... Ba8 (42... Nc8 $1 $11) 43. a6 h5 (43... Rc8 $16) 44. f3 Rc8 45. Nd3 Ng6 46. Rb4 (46. Rb2 $142) 46... Ke7 $16 47. Rb5 Bc6 48. Ra5 f6 49. f4 {[%cal Rf4e5]} exf4+ 50. gxf4 Nxh4 $2 (50... Rd8 $14) 51. Rxh5 $18 Ng2+ {[#]} 52. Kd4 $1 Rd8+ (52... Re8 $142 53. Rh2 Kd6) 53. Bd5 Bb5 {aiming for ...Bxd3.} 54. Rh2 Bxd3 55. Rxg2 Bxa6 56. Rxg7+ {[%mdl 4096] Endgame KRB-KRB} Ke8 57. Rxa7 Be2 (57... Bb5 $142 58. Rb7 Bd7) 58. Kc5 Rb8 59. Kc6 Bd3 60. Rh7 {Black must now prevent Rh8+.} Rb4 61. Kd6 {[%cal Rh7h8]} Rb6+ 62. Kc5 Ra6 63. Rb7 (63. Rc7 $142) 63... Kf8 $2 (63... Ra5+ {is a better defense.} 64. Kd4 Bf1) 64. Kd4 Bf1 65. Rb1 $2 (65. f5 $18 Ke8 66. Ke3) 65... Be2 (65... Ra4+ $16 66. Ke3 Ra3+ 67. Kf2 Bd3) 66. Rb8+ Ke7 (66... Kg7 $16 67. Rb2 Bd1) 67. Rb7+ Ke8 68. Ke3 ({White should try} 68. Kc5 $18) 68... Bf1 $2 {[%mdl 8192]} (68... Bd1 $16 {was called for.} 69. Bc4 Rd6) 69. Rb1 Ra3+ 70. Kd4 Be2 $2 (70... Bg2 71. f5 Ra6) 71. f5 Ra6 72. Ke3 Bg4 73. Bc4 (73. Rg1 $142 Bh5 74. Rh1 Ra3+ 75. Kd2) 73... Ra3+ {[#]} 74. Kd4 $1 {Threatens to win with Rb6.} Bf3 $2 (74... Ra5 75. Rh1 Bf3) 75. Rb6 Ra4 76. Rxf6 Be2 77. Rc6 Kd7 78. Rc5 Kd6 79. e5+ {White mates.} Kd7 80. f6 Bg4 81. Ke3 Rb4 82. Bd5 Be6 83. Rc6 Bxd5 {KRB-KR} 84. Rd6+ Ke8 85. Rxd5 Kf7 86. Rd7+ Kg6 87. Rg7+ Kh6 88. Rg8 Rb7 89. Ke4 {Precision: White = 57%, Black = 34%.} 1-0

[Event "GAMMA Reykjavik Open 2018"]
[Site "Reykjavik"]
[Date "2018.03.08"]
[Round "4"]
[White "Grigoriants, Sergey"]
[Black "Haria, Ravi"]
[Result "0-1"]
[WhiteElo "2568"]
[BlackElo "2424"]
[Annotator "TA"]
[PlyCount "82"]
[EventDate "2018.03.14"]
[EventType "swiss"]
[EventCountry "ISL"]
[SourceTitle "playchess.com"]
[Source "ChessBase"]
[SourceQuality "1"]

{[%evp 23,82,16,12,16,31,26,26,20,57,62,64,37,42,19,30,13,36,31,25,21,50,39,41,0,0,0,16,-29,-22,-64,-54,-26,-34,-92,-85,-259,-252,-348,-356,-598,-583,-583,-563,-704,-703,-639,-580,-688,-649,-642,-605,-1279,-1054,-1028,-871,-850,-718,-1053,-1028,-1001,-958]} 1. c4 e6 2. Nf3 d5 3. g3 Nf6 4. Bg2 d4 5. O-O c5 6. e3 Nc6 7. exd4 cxd4 8. d3 Bd6 {A13: Reti-Eröffnung} (8... Be7 9. b3 O-O 10. Na3 e5 11. Nc2 Nd7 12. a3 a5 13. Rb1 Nc5 14. b4 axb4 15. axb4 Na4 16. Bd2 {0-1 (47) Wei,Y (2739)-Karjakin,S (2760) Medias 2017}) 9. a3 a5 10. Bg5 h6 11. Bxf6 Qxf6 12. Nbd2 O-O {LiveBook: 3 Partien} 13. Ne4 Qe7 14. Nxd6 Qxd6 15. Rc1 $146 e5 16. c5 Qg6 17. Re1 Re8 18. Qc2 Re7 19. Nd2 Bf5 20. Ne4 Bxe4 21. Rxe4 Rae8 22. Ree1 Kh8 23. Qc4 f5 $1 24. b4 {Schwarz sollte b5 verhindern.} e4 {Droht stark ...Se5.} 25. dxe4 fxe4 26. Rcd1 {Weiss will b5 spielen.} axb4 27. axb4 d3 28. b5 {[#]} (28. h3 $15) 28... Ne5 $1 $17 {[%cal Re5c4,Bc6e5,Be5g4,Bg4f2][%mdl 32]} 29. Qc1 $2 (29. Qd4 $17 {war nötig.} Qh5 30. Rd2) 29... Ng4 $19 30. c6 bxc6 31. bxc6 $2 {[#]} (31. Qc5 {war einen Versuch wert.} cxb5 32. Rd2) 31... Qh5 $1 {Droht ...e3 und aus.Schwarz steht klar auf Gewinn.} 32. h3 {[#]} Nxf2 $1 {[%mdl 512]} 33. Kxf2 {Kg1 ist eine echte Drohung.} e3+ 34. Kg1 d2 35. Qc3 {Wenn Weiss jetzt Zeit für Tf1 hätte...} dxe1=Q+ 36. Rxe1 e2 37. Qf3 Qc5+ 38. Qf2 Qc3 39. Kh2 Re6 40. h4 Rf6 41. Qg1 Rd6 {Precision: Weiß = 38%, Schwarz = 79%.} 0-1

[Event "GAMMA Reykjavik Open 2018"]
[Site "Reykjavik"]
[Date "2018.03.08"]
[Round "4"]
[White "Ramirez, Alejandro"]
[Black "Kumar, Nikhil"]
[Result "1-0"]
[WhiteElo "2568"]
[BlackElo "2277"]
[Annotator "TA"]
[PlyCount "103"]
[EventDate "2018.03.14"]
[EventType "swiss"]
[EventCountry "ISL"]
[SourceTitle "playchess.com"]
[Source "ChessBase"]
[SourceQuality "1"]

{[%evp 24,103,35,30,38,6,16,0,0,0,14,-36,1,-56,0,0,0,0,0,-14,0,-8,-5,-14,-5,0,0,-47,-45,-41,12,15,17,33,77,73,70,65,66,36,42,42,43,0,143,146,138,43,70,0,0,0,0,0,0,0,7,7,526,723,664,722,693,707,691,691,658,794,510,246,792,772,783,754,708,708,787,784,700,693,785,760]} 1. Nf3 d5 2. c4 e6 3. b3 Nf6 4. Bb2 Be7 5. e3 O-O 6. Nc3 b6 7. cxd5 exd5 8. d4 Bb7 9. Bd3 c5 10. O-O Nbd7 11. Qe2 {E14: Queen's Indian: Classical Variation (4 e3)} Rc8 (11... Re8 12. Ba6 Qc8 13. Bxb7 Qxb7 14. Rfd1 Rac8 15. dxc5 bxc5 16. Rac1 Nb6 17. Qc2 {½-½ (44) Rozum,I (2602)-Bocharov,D (2581) Khanty-Mansiysk 2016}) 12. Rfd1 Re8 13. Rac1 {LiveBook: 4 Games. White is slightly better.} Bd6 14. Bf5 a6 $146 ({Predecessor:} 14... Qe7 15. g3 Rcd8 16. Bh3 Nf8 17. Nh4 g6 18. Nf3 Ne6 19. Nb5 Bb8 {0-1 (69) Antunac,G (2390)-Nikolac,J (2417) Croatia 2011}) 15. Na4 {Threatens to win with dxc5.} Rc7 16. Nd2 Qe7 17. Bh3 h6 18. Rc2 ({White should try} 18. Qd3 $11) 18... cxd4 (18... Bc6 $1 $15 19. dxc5 bxc5) 19. Rxc7 $11 Bxc7 20. Bxd4 b5 21. Nb2 Ne5 22. Nd3 Nc6 23. Nf3 Nxd4 24. Nxd4 Ne4 {Strongly threatening ...Nc3.} 25. Rc1 Bb6 ({Reject} 25... Qd6 26. g3 $11) 26. Qb2 Ng5 ({Black should play} 26... b4 $15) 27. Bg4 Qe4 28. Nf4 {Hoping for Nf5.} g6 29. h4 Nh7 30. Bf3 Qe5 31. h5 Ng5 32. Bg4 Qf6 33. g3 Ne4 (33... Ne6 $1 $11 {keeps the balance.} 34. Nfxe6 fxe6) 34. hxg6 $16 fxg6 {[%cal Bf7g6,Bg6g5][%mdl 32]} 35. Bd7 (35. Be6+ $16 Kf8 36. Bxd5 Bxd5 37. Nxd5 Bxd4 38. exd4) 35... Rf8 $14 36. Qe2 (36. Be6+ $14 Kh7 37. a4 (37. Bxd5 Bxd5 38. Nxd5 Qe5 $15)) 36... g5 $1 $11 {[%cal Rg5f4]} 37. Nd3 Bxd4 38. exd4 Qxd4 39. Be6+ Kh8 {White must now prevent ...Nxg3.} 40. Rc7 $36 {[%mdl 2048] White is pushing.} Ba8 $2 {[%mdl 8192]} (40... Qf6 $11) 41. Qh5 $1 $18 {[%cal Rh5h6]} Qf6 {[#]} 42. Bf5 $1 {[%mdl 512]} Nxg3 (42... Qxf5 43. Qxh6+) 43. fxg3 Qb6+ {[#]} 44. Nc5 $1 {Be6! would kill now.} (44. Kh2 Qxc7 45. Qxh6+ Kg8 $16) 44... Qxc7 45. Qxh6+ Kg8 {[#]} 46. Qxf8+ $1 {[%mdl 512]} Kxf8 47. Ne6+ {White is clearly winning.} Ke7 48. Nxc7 Bb7 49. g4 d4 50. Ne6 d3 51. Kf2 d2 52. Ke2 {Precision: White = 45%, Black = 66%.} 1-0

[Event "GAMMA Reykjavik Open 2018"]
[Site "Reykjavik"]
[Date "2018.03.08"]
[Round "4"]
[White "Friedel, Joshua"]
[Black "Kamsky, Gata"]
[Result "1/2-1/2"]
[WhiteElo "2562"]
[BlackElo "2677"]
[Annotator "TA"]
[PlyCount "68"]
[EventDate "2018.03.14"]
[EventType "swiss"]
[EventCountry "ISL"]
[SourceTitle "playchess.com"]
[Source "ChessBase"]
[SourceQuality "1"]

{[%evp 20,68,21,25,31,47,33,21,39,52,47,25,49,29,37,27,54,50,37,40,47,35,38,38,34,29,23,23,20,1,12,0,10,0,-2,-37,-27,-91,-71,-85,-78,-78,-84,-87,-65,-129,-116,-134,-35,-25,-12]} 1. d4 Nf6 2. c4 g6 3. g3 c6 4. Bg2 d5 5. Nf3 Bg7 6. O-O O-O 7. Qb3 Qb6 8. Nc3 Rd8 9. Bd2 {D78: Grünfeldindisch (Fianchetto 6.0-0 c6)} Be6 10. Na4 Qxb3 11. axb3 {LiveBook: 3 Partien. Sb6! ist eine echte Drohung.Die Stellung ist ausgeglichen.} Na6 12. Rfc1 Ne4 13. Ba5 Rdc8 14. e3 {[#]} f5 $146 ({Vorgänger:} 14... g5 15. Nd2 Nxd2 16. Bxd2 g4 {1-0 (49) Rapport,R (2700)-Howell,D (2682) Caleta 2018}) 15. Bf1 dxc4 16. bxc4 c5 17. Nc3 Nxc3 18. Bxc3 cxd4 19. Bxd4 Nc5 {und nun wäre ...Sb3 stark für Schwarz.} 20. Ra3 Ne4 21. b4 a6 22. Bxg7 Kxg7 23. Nd4 Bf7 24. c5 e5 25. Nb3 Rc7 26. Rd1 Rb8 27. f3 Nc3 $36 {[%mdl 2048] Schwarz drückt.} 28. Rd6 (28. Rda1 $11 {hält das Gleichgewicht.}) 28... Nd5 $17 29. Bc4 Nxb4 30. Bxf7 Kxf7 31. Ra4 {[#]} Nc6 $1 32. g4 (32. e4 $15) 32... fxg4 33. fxg4 Kg7 (33... Ke7 $17 34. Nd2 Rd7 35. Rxd7+ Kxd7) 34. Nd2 Rf8 {Precision: Weiß = 34%, Schwarz = 60%.} 1/2-1/2